书目信息 |
| 题名: |
中国对日政策与中日邦交正常化
|
|
| 作者: | 罗平汉 著 | |
| 分册: | ||
| 出版信息: | 北京 时事出版社 2000 |
|
| 页数: | 262页 | |
| 开本: | 20cm | |
| 丛书名: | ||
| 单 册: | ||
| 中图分类: | D822.231.3 | |
| 科图分类: | ||
| 主题词: | 中日关系--对外政策--研究--中国 | |
| 电子资源: | ||
| ISBN: | 7-80009-600-9 | |
| 000 | 00784nam0 2200205 45 | |
| 001 | 0304081500 | |
| 005 | 20031219104108.9 | |
| 010 | @a7-80009-600-9@dCNY15.00 | |
| 100 | @a20030408d2000 km y0chiy0120 ea | |
| 101 | 0 | @achi |
| 105 | @a z 000yy | |
| 200 | 1 | @a中国对日政策与中日邦交正常化@AZhong Guo Dui Ri Zheng Ce Yu Zhong Ri Bang Jiao Zheng Chang Hua@e1949-1972年中国对日政策研究@E1949-1972 Nian Zhong Guo Dui Ri Zheng Ce Yan Jiu@f罗平汉著@FLuo Ping Han Zhu |
| 210 | @a北京@c时事出版社@d2000 | |
| 215 | @a262页@d20cm | |
| 517 | @a1949-1972年中国对日政策研究@A1949-1972 Nian Zhong Guo Dui Ri Zheng Ce Yan Jiu | |
| 606 | 0 | @a中日关系@x对外政策@x研究@y中国 |
| 690 | @aD822.231.3@v4 | |
| 701 | 0 | @a罗平汉@4著 |
| 801 | @aCN@bTSTC@c20030408 | |
| 905 | @b322358-360@dD822.231.3@e67@f3 | |
| 中国对日政策与中日邦交正常化:1949-1972年中国对日政策研究/罗平汉著.-北京:时事出版社,2000 |
| 262页;20cm |
| ISBN 7-80009-600-9:CNY15.00 |
| ● |
| 相关链接 |
|
|
|
|
正题名:中国对日政策与中日邦交正常化
索取号:D822.231.3/67
 
预约/预借
| 序号 | 登录号 | 条形码 | 馆藏地/架位号 | 状态 | 备注 |
| 1 | 0322358 | 203223582 | 第一借阅区/ [索取号:D822.231.3/67] | 在馆 | |
| 2 | 0322359 | 203223591 | 第一借阅区/ [索取号:D822.231.3/67] | 在馆 | |
| 3 | 0322360 | 203223608 | 第一样本阅览室/ [索取号:D822.231.3/67] | 在馆 |